000 00907nas a2200265Ia 4500
001 A09/R108-26640 [r000020357]
003 IT-MiCISF
008 161014c99999999xx |||||||||||| ||und||
040 _aIT-MiCISF
_cIT-MiCISF
041 _aITALIANO
100 _aCappelli von Berger Elena
210 _aIl consulente familiare
222 _aIl consulente familiare
245 0 _aRiflessioni sul tema per un codice deontologico per la consulenza familiare
250 _a1a ed.
260 _c1998
501 _bCISF - Centro Internazionale Studi Famiglia - Via Giotto, 36 20145 MILANO (non commercial uses only)
_cCopyright 2016
300 _app. 12-23
362 _an. 1, gennaio-marzo [1998]
500 _aCardellicchio G. Tema: consulenza, famiglia, consulenti, etica
650 _aFAMIGLIA - consulenza familiare
_vdossier
700 _aAA.VV.
942 _cCR
957 _71
999 _a26640
_bSi
_g1
_c226320
_d226320